[Event "Kuwait Amateur Group A"]
[Site "Kuwait"]
[Date "2017.11.08"]
[Round "4.2"]
[White "Hamdi, Emad"]
[Black "Farouk, Hany"]
[Result "1/2-1/2"]
[WhiteElo "1615"]
[BlackElo "1650"]
[PlyCount "58"]
[EventDate "2017.11.05"]
[EventType "swiss"]
[EventRounds "9"]
[EventCountry "KUW"]
[SourceTitle "EXT 2024"]
[Source "ChessBase"]
[SourceDate "2023.10.10"]
[SourceVersion "1"]
[SourceVersionDate "2023.10.10"]
[SourceQuality "1"]

1. e4 c6 2. d4 d5 3. exd5 cxd5 4. Bd3 Nc6 5. c3 Nf6 6. Bf4 g6 7. h3 Bf5 8. Nf3 Bxd3 9. Qxd3 Bg7 10. Nbd2 0-0 11. 0-0 Nd7 12. Qb5 Nb6 13. Rfe1 e6 14. Qd3 Rc8 15. Ne5 Re8 16. Ndf3 Nd7 17. Nxd7 Qxd7 18. Ne5 Nxe5 19. Bxe5 f6 20. Bg3 e5 21. f3 Rc6 22. Rad1 Rd6 23. Re2 b5 24. b3 a6 25. Kh1 Qf5 26. Qd2 Qd7 27. Qd3 Qc6 28. Rg1 Rdd8 29. Rge1 Qa8 1/2-1/2

[Event "KUW Challenge Cup 2nd"]
[Site "Kuwait"]
[Date "2017.09.25"]
[Round "8.1"]
[White "Farouk, Hany"]
[Black "Hamdi, Emad"]
[Result "1-0"]
[WhiteElo "1669"]
[BlackElo "1651"]
[PlyCount "57"]
[EventDate "2017.09.17"]
[EventType "team-swiss"]
[EventRounds "9"]
[EventCountry "KUW"]
[SourceTitle "EXT 2019"]
[Source "ChessBase"]
[SourceDate "2018.10.10"]
[SourceVersion "1"]
[SourceVersionDate "2018.10.10"]
[SourceQuality "1"]

1. d4 e6 2. c4 Nf6 3. Nf3 d5 4. g3 dxc4 5. Bg2 Bb4+ 6. Bd2 Bxd2+ 7. Nbxd2 0-0 8. 0-0 Nbd7 9. Nxc4 c5 10. Rc1 Rb8 11. a4 b6 12. Qc2 Bb7 13. Rfd1 Qe7 14. dxc5 Nxc5 15. Nd6 Bc6 16. Ra1 Rfd8 17. Nb5 Be4 18. Qc4 Bd5 19. Qb4 Qb7 20. Nc3 Na6 21. Qa3 Bc6 22. b4 Be4 23. Rac1 Qe7 24. Nxe4 Nxe4 25. Ne5 Qf6 26. f4 Rxd1+ 27. Rxd1 Qf5 28. Qd3 Nxg3 29. Qd8+ 1-0